| 000 -LEADER |
| fixed length control field |
01511pam a2200337 a 4500 |
| 001 - CONTROL NUMBER |
| control field |
2507066 |
| 003 - CONTROL NUMBER IDENTIFIER |
| control field |
Nust |
| 005 - DATE AND TIME OF LATEST TRANSACTION |
| control field |
20180801060251.0 |
| 008 - FIXED-LENGTH DATA ELEMENTS--GENERAL INFORMATION |
| fixed length control field |
921112r1993 nyua j 000 0 eng |
| 010 ## - LIBRARY OF CONGRESS CONTROL NUMBER |
| LC control number |
92055071 |
| 020 ## - INTERNATIONAL STANDARD BOOK NUMBER |
| International Standard Book Number |
9780140367829 |
| Terms of availability |
Rs. 540 |
| 038 ## - RECORD CONTENT LICENSOR |
| Staff Name |
Arshad |
| 040 ## - CATALOGING SOURCE |
| Original cataloging agency |
DLC |
| Transcribing agency |
DLC |
| Modifying agency |
DLC |
| 042 ## - AUTHENTICATION CODE |
| Authentication code |
lcac |
| 082 00 - DEWEY DECIMAL CLASSIFICATION NUMBER |
| Classification number |
823 |
| Author Mark |
DAW |
| 130 0# - MAIN ENTRY--UNIFORM TITLE |
| Uniform title |
Arabian nights. |
| 9 (RLIN) |
12208 |
| 245 10 - TITLE STATEMENT |
| Title |
Aladdin and other tales from the Arabian nights / |
| Statement of responsibility, etc. |
Unknown ; with illustrations by W. Heath Robinson and others. |
| 260 ## - PUBLICATION, DISTRIBUTION, ETC. |
| Place of publication, distribution, etc. |
New York : |
| Name of publisher, distributor, etc. |
A.A. Knopf : |
| -- |
Distributed by Random House, |
| Date of publication, distribution, etc. |
1978. |
| 300 ## - PHYSICAL DESCRIPTION |
| Extent |
201 p. : |
| Dimensions |
21 cm. |
| 440 #0 - SERIES STATEMENT/ADDED ENTRY--TITLE |
| Title |
Engravings on Wood from original designs by William Harvey |
| 9 (RLIN) |
12209 |
| 520 ## - SUMMARY, ETC. |
| Summary, etc. |
A collection of tales told by Scheherazade to amuse the cruel sultan and stop him from executing her as he had his other daily wives. |
| 650 #1 - SUBJECT ADDED ENTRY--TOPICAL TERM |
| Topical term or geographic name entry element |
Fairy tales. |
| 9 (RLIN) |
7693 |
| 650 #1 - SUBJECT ADDED ENTRY--TOPICAL TERM |
| Topical term or geographic name entry element |
Arabs |
| General subdivision |
Folklore. |
| 9 (RLIN) |
12210 |
| 650 #1 - SUBJECT ADDED ENTRY--TOPICAL TERM |
| Topical term or geographic name entry element |
Folklore |
| Geographic subdivision |
Arab countries. |
| 9 (RLIN) |
12211 |
| 700 1# - ADDED ENTRY--PERSONAL NAME |
| Personal name |
Robinson, W. Heath |
| Fuller form of name |
(William Heath), |
| Dates associated with a name |
1872-1944, |
| Relator term |
ill. |
| 9 (RLIN) |
12212 |
| 856 42 - ELECTRONIC LOCATION AND ACCESS |
| Materials specified |
Contributor biographical information |
| Uniform Resource Identifier |
<a href="http://www.loc.gov/catdir/enhancements/fy0703/92055071-b.html">http://www.loc.gov/catdir/enhancements/fy0703/92055071-b.html</a> |
| 856 42 - ELECTRONIC LOCATION AND ACCESS |
| Materials specified |
Publisher description |
| Uniform Resource Identifier |
<a href="http://www.loc.gov/catdir/enhancements/fy0703/92055071-d.html">http://www.loc.gov/catdir/enhancements/fy0703/92055071-d.html</a> |
| 906 ## - LOCAL DATA ELEMENT F, LDF (RLIN) |
| a |
7 |
| b |
cbc |
| c |
orignew |
| d |
1 |
| e |
ocip |
| f |
19 |
| g |
y-gencatlg |
| 942 ## - ADDED ENTRY ELEMENTS (KOHA) |
| Source of classification or shelving scheme |
|
| Koha item type |
Book |